Arsenal, Chelsea or Tottenham players (2000-) - Statistics

General Stats
  • This quiz has been taken 28 times
    21 since last reset
  • The average score is 268 of 667
Answer Stats
Ranking Player Positions Nationality Matches Goals (assists) Periods Clubs % Correct
108 Alexis Sánchez ST 145 70 (36) 2014-2018
100%
37 Bukayo Saka RW 238 68 (66) 2018-2025
100%
183 David Raya GK 92 0 (0) 2023-2025
100%
82 Davinson Sánchez CB 176 3 (1) 2017-2024
100%
336 Demba Ba ST 39 9 (1) 2012-2014
100%
12 Didier Drogba ST 328 140 (71) 2004-2012, 2014-2015
100%
24 Eden Hazard LW 298 96 (72) 2012-2019
100%
3 Frank Lampard CM 544 172 (127) 2001-2014
100%
68 Gabriel Magalhães CB 192 19 (5) 2020-2025
100%
10 Harry Kane ST 384 249 (60) 2011-2023
100%
8 Heung-min Son LW 401 153 (85) 2015-2025
100%
7 Hugo Lloris GK 427 0 (0) 2012-2023
100%
552 Ian Walker GK 4 0 (0) 2000-2001
100%
422 Johnnie Jackson CM 20 1 (2) 2003-2006
100%
1 John Terry CB 606 54 (22) 2000-2017
100%
62 Kai Havertz ST 200 52 (26) 2020-2025
100%
58 Kyle Walker RB 209 4 (16) 2009-2017
100%
112 Luka Modrić CM 141 16 (20) 2008-2012
100%
74 Martin Ødegaard AM 185 40 (35) 2020-2025
100%
245 Nicolas Jackson ST 68 27 (10) 2023-2025
100%
2 Petr Cech GK 565 0 (2) 2004-2019
100%
94 Reece James RB 164 12 (19) 2019-2025
100%
302 Robert Sánchez GK 49 0 (0) 2023-2025
100%
110 Thibaut Courtois GK 142 0 (1) 2014-2018
100%
23 Thierry Henry ST 300 192 (81) 2000-2007, 2011-2012
100%
131 William Saliba CB 125 7 (2) 2022-2025
100%
4 Ashley Cole LB 491 16 (46) 2000-2014
93%
104 Ben White RB 150 6 (12) 2021-2025
93%
220 Brennan Johnson RW 78 21 (17) 2023-2025
93%
383 Carlton Cole ST 27 4 (2) 2001-2003, 2005-2006
93%
28 Christian Eriksen CM 277 61 (77) 2013-2020
93%
132 Christian Pulisic RW 124 25 (17) 2019-2023
93%
224 Cole Palmer AM 76 37 (23) 2023-2025
93%
140 Cristian Romero CB 116 7 (3) 2021-2025
93%
227 Darren Bent ST 74 24 (7) 2007-2009
93%
31 David Luiz CB 267 21 (9) 2010-2014, 2016-2021
93%
178 Declan Rice CM 96 15 (19) 2023-2025
93%
13 Eric Dier CB 326 12 (11) 2014-2024
93%
64 Gabriel Martinelli LW 200 47 (26) 2019-2025
93%
61 Gareth Bale RW 204 63 (36) 2007-2013, 2020-2021
93%
38 Gary Cahill CB 237 17 (5) 2011-2019
93%
285 Glen Johnson RB 54 3 (4) 2003-2006, 2007-2008
93%
30 Granit Xhaka DM 268 21 (27) 2016-2023
93%
601 Harvey White DM 2 0 (0) 2020-2021, 2022-2023
93%
312 Ivan Perišić LW 46 1 (12) 2022-2024
93%
26 Jan Vertonghen CB 286 11 (7) 2012-2020
93%
39 Joe Cole AM 234 33 (38) 2003-2010
93%
529 Kevin De Bruyne AM 6 0 (1) 2013-2014
93%
139 Leandro Trossard LW 116 27 (23) 2022-2025
93%
170 Marc Cucurella LB 98 7 (8) 2022-2025
93%
454 Mohamed Salah RW 15 2 (1) 2013-2015
93%
221 Moisés Caicedo DM 77 3 (8) 2023-2025
93%
41 N'Golo Kanté DM 231 11 (15) 2016-2023
93%
653 Nile John CM 1 0 (0) 2020-2021
93%
203 Oleksandr Zinchenko LB 84 3 (5) 2022-2025
93%
18 Olivier Giroud ST 316 122 (39) 2012-2021
93%
86 Pierre-Emerick Aubameyang ST 175 85 (21) 2017-2023
93%
206 Richarlison ST 83 19 (10) 2022-2025
93%
36 Robin van Persie ST 239 114 (51) 2004-2012
93%
154 Timo Werner LW 109 20 (24) 2020-2022, 2023-2025
93%
53 Toby Alderweireld CB 214 9 (5) 2015-2021
93%
17 Aaron Ramsey CM 318 54 (54) 2008-2019
87%
75 Alexandre Lacazette ST 185 67 (31) 2017-2022
87%
254 Andriy Shevchenko ST 63 13 (9) 2006-2008, 2009-2010
87%
21 Ben Davies CB 308 7 (24) 2014-2025
87%
6 César Azpilicueta CB 429 14 (40) 2012-2023
87%
5 Cesc Fàbregas CM 433 67 (139) 2004-2011, 2014-2019
87%
125 Dejan Kulusevski AM 131 23 (25) 2021-2025
87%
63 Dennis Bergkamp CF 200 35 (51) 2000-2006
87%
159 Diego Costa ST 104 54 (20) 2014-2017
87%
200 Dimitar Berbatov ST 86 39 (25) 2006-2009
87%
176 Edouard Mendy GK 97 0 (0) 2020-2023
87%
185 Enzo Fernández CM 92 11 (18) 2022-2025
87%
445 Fraizer Campbell ST 17 1 (2) 2008-2009
87%
40 Freddie Ljungberg RM 232 51 (33) 2000-2007
87%
193 Gabriel Jesus ST 89 22 (19) 2022-2025
87%
52 Gilberto Silva DM 214 21 (14) 2002-2008
87%
51 Héctor Bellerín RB 216 9 (25) 2014-2021
87%
22 Jermain Defoe ST 307 110 (20) 2003-2014
87%
363 Joel Campbell RW 31 3 (5) 2014-2016
87%
33 Jorginho DM 257 29 (11) 2018-2025
87%
152 Juan Mata AM 110 24 (38) 2011-2014
87%
113 Kepa Arrizabalaga GK 139 0 (0) 2018-2023
87%
73 Mateo Kovacic CM 186 6 (15) 2018-2023
87%
42 Mesut Özil AM 231 42 (69) 2013-2020
87%
117 Nemanja Matic DM 136 6 (17) 2009-2010, 2013-2017
87%
96 Nicolas Anelka ST 162 50 (24) 2007-2012
87%
91 Pedro RW 167 35 (21) 2015-2020
87%
55 Ramires CM 212 24 (15) 2010-2016
87%
77 Ricardo Carvalho CB 182 9 (6) 2004-2010
87%
34 Robert Pirès LM 252 73 (52) 2000-2006
87%
161 Rodrigo Bentancur DM 103 9 (7) 2021-2025
87%
324 Romelu Lukaku ST 42 10 (3) 2011-2012, 2013-2014, 2021-2022
87%
175 Serge Aurier RB 97 6 (16) 2017-2021
87%
118 Shkodran Mustafi CB 135 9 (4) 2016-2021
87%
141 Simon Davies RM 116 13 (12) 2000-2005
87%
59 Sol Campbell CB 208 12 (5) 2000-2006, 2009-2010
87%
11 Theo Walcott RW 334 83 (56) 2006-2018
87%
114 Thiago Silva CB 138 8 (5) 2020-2024
87%
15 Willian LW 324 51 (57) 2013-2021
87%
209 Aaron Ramsdale GK 82 0 (0) 2021-2024
80%
130 Alex Iwobi LW 126 14 (20) 2015-2019
80%
120 Andreas Christensen CB 133 1 (1) 2014-2015, 2017-2022
80%
272 André Schürrle LW 58 13 (2) 2013-2015
80%
133 Andrey Arshavin LW 123 27 (33) 2008-2013
80%
92 Antonio Rüdiger CB 165 10 (6) 2017-2022
80%
199 Arjen Robben RW 86 17 (18) 2004-2007
80%
142 Bernd Leno GK 116 0 (0) 2018-2022
80%
14 Branislav Ivanovic RB 325 30 (27) 2008-2017
80%
67 Claude Makélélé DM 193 2 (6) 2003-2008
80%
400 Emiliano Martínez GK 24 0 (0) 2014-2015, 2016-2017, 2018-2020
80%
46 Emmanuel Adebayor ST 229 94 (34) 2005-2009, 2011-2015
80%
48 Erik Lamela RW 223 28 (34) 2013-2021
80%
319 Fábio Vieira AM 44 3 (7) 2022-2024
80%
293 Fernando Llorente ST 52 5 (6) 2017-2019
80%
45 Gaël Clichy LB 229 1 (9) 2003-2011
80%
237 Guglielmo Vicario GK 71 0 (0) 2023-2025
80%
98 Jack Wilshere CM 160 12 (22) 2008-2011, 2012-2018
80%
239 James Maddison AM 70 16 (21) 2023-2025
80%
76 Jens Lehmann GK 183 0 (1) 2003-2008, 2010-2011
80%
19 John Obi Mikel DM 312 3 (11) 2006-2016
80%
638 Kazaiah Sterling ST 1 0 (0) 2017-2018
80%
25 Kolo Touré CB 286 11 (9) 2002-2009
80%
20 Laurent Koscielny CB 312 24 (2) 2010-2019
80%
231 Lukas Podolski ST 72 27 (13) 2012-2015
80%
78 Marcos Alonso LB 180 27 (19) 2016-2022
80%
93 Mason Mount AM 164 30 (32) 2019-2023
80%
115 Michael Ballack CM 138 21 (14) 2006-2010
80%
305 Micky van de Ven CB 48 3 (2) 2023-2025
80%
123 Mohamed Elneny DM 131 5 (9) 2015-2019, 2020-2024
80%
49 Mousa Dembélé CM 220 10 (10) 2012-2019
80%
168 Nicolas Pépé RW 99 24 (15) 2019-2022
80%
89 Oscar AM 170 30 (26) 2012-2017
80%
65 Patrick Vieira DM 199 21 (20) 2000-2005
80%
177 Pedro Porro RB 97 10 (20) 2022-2025
80%
95 Pierre-Emile Højbjerg DM 163 10 (14) 2020-2024
80%
186 Raheem Sterling RW 91 17 (15) 2022-2025
80%
100 Thomas Partey DM 157 9 (7) 2020-2025
80%
163 Victor Moses RW 103 12 (8) 2012-2013, 2016-2019
80%
204 Victor Wanyama DM 84 7 (1) 2016-2020
80%
654 Adam Smith RB 1 0 (0) 2011-2012
73%
269 Álvaro Morata ST 58 19 (6) 2017-2019
73%
35 Bacary Sagna RB 251 4 (21) 2007-2014
73%
72 Danny Rose LB 187 8 (19) 2009-2012, 2013-2020
73%
287 David Ospina GK 53 0 (0) 2014-2018
73%
259 Destiny Udogie LB 62 2 (4) 2023-2025
73%
106 Fernando Torres ST 148 36 (24) 2010-2014
73%
137 Gianfranco Zola CF 117 27 (15) 2000-2003
73%
197 Hakim Ziyech RW 87 9 (11) 2020-2023
73%
642 Jimmy Smith CM 1 0 (0) 2005-2006
73%
128 Kieran Tierney LB 128 6 (12) 2019-2023, 2024-2025
73%
71 Lucas Moura RW 188 31 (20) 2017-2023
73%
495 Malang Sarr CB 10 0 (0) 2021-2022
73%
50 Michael Essien DM 217 23 (18) 2005-2012, 2013-2014
73%
332 Mikel Merino CM 40 9 (5) 2024-2025
73%
180 Pape Matar Sarr CM 95 8 (7) 2022-2025
73%
69 Per Mertesacker CB 192 6 (3) 2011-2018
73%
384 Riccardo Calafiori LB 27 3 (2) 2024-2025
73%
32 Robbie Keane ST 261 100 (31) 2002-2011
73%
99 Santi Cazorla CM 157 25 (40) 2012-2017
73%
166 Sead Kolasinac CB 100 4 (14) 2017-2022
73%
215 Takehiro Tomiyasu RB 79 2 (6) 2021-2025
73%
57 Tomas Rosicky AM 209 22 (17) 2006-2008, 2009-2015
73%
97 Alex Oxlade-Chamberlain CM 161 13 (19) 2011-2018
67%
153 Danny Welbeck ST 110 24 (11) 2014-2019
67%
179 David Seaman GK 95 0 (0) 2000-2003
67%
43 Dele Alli AM 230 58 (50) 2015-2022
67%
506 Gedson Fernandes CM 9 0 (0) 2019-2020
67%
279 Henrikh Mkhitaryan CM 56 9 (13) 2017-2020
67%
258 Jakub Kiwior CB 62 3 (3) 2022-2025
67%
135 Kurt Zouma CB 121 7 (2) 2014-2017, 2019-2021
67%
211 Lucas Torreira DM 81 3 (5) 2018-2020
67%
252 Malo Gusto RB 64 0 (7) 2023-2025
67%
277 Michy Batshuayi ST 56 11 (3) 2016-2018, 2019-2020
67%
84 Moussa Sissoko CM 176 3 (11) 2016-2021
67%
268 Mykhaylo Mudryk LW 59 8 (9) 2022-2025
67%
47 Nacho Monreal LB 225 8 (17) 2012-2020
67%
116 Nicklas Bendtner ST 136 32 (14) 2007-2012, 2013-2014
67%
233 Noni Madueke RW 72 16 (8) 2022-2025
67%
208 Peter Crouch ST 82 16 (19) 2009-2012
67%
241 Rafael van der Vaart AM 70 26 (17) 2010-2013
67%
155 Samir Nasri AM 109 23 (12) 2008-2012
67%
255 Sergio Reguilón LB 62 2 (7) 2020-2022, 2024-2025
67%
119 Thomas Vermaelen CB 133 14 (6) 2009-2014
67%
101 Wojciech Szczesny GK 155 0 (0) 2010-2015
67%
88 Alex Song DM 173 9 (20) 2005-2012
60%
459 Armand Traoré LB 15 0 (1) 2007-2008, 2009-2010, 2011-2012
60%
478 Bertrand Traoré RW 12 2 (1) 2015-2016
60%
173 Callum Hudson-Odoi LW 98 11 (17) 2017-2022
60%
217 Daniel Sturridge ST 79 15 (4) 2009-2013
60%
576 David Datro Fofana ST 3 0 (0) 2022-2023
60%
109 Eddie Nketiah ST 143 25 (9) 2017-2024
60%
66 Florent Malouda LW 196 38 (33) 2007-2012
60%
461 Gonzalo Higuaín ST 15 5 (0) 2018-2019
60%
226 Gylfi Sigurdsson AM 75 11 (7) 2012-2014
60%
90 Harry Winks DM 168 3 (5) 2014-2022
60%
148 Heurelho Gomes GK 113 0 (0) 2008-2012
60%
105 Jimmy Floyd Hasselbaink ST 149 71 (34) 2000-2004
60%
314 Jurrien Timber RB 45 2 (4) 2023-2025
60%
83 Kieran Gibbs LB 176 3 (12) 2008-2017
60%
182 Kieran Trippier RB 93 2 (19) 2015-2019
60%
122 Mikel Arteta CM 133 15 (7) 2011-2016
60%
60 Salomon Kalou LW 205 43 (24) 2006-2012
60%
373 Samuel Eto'o ST 30 12 (4) 2013-2014
60%
236 Steven Bergwijn LW 71 7 (7) 2019-2022
60%
238 Tammy Abraham ST 71 25 (9) 2015-2016, 2019-2021
60%
216 Tanguy Ndombélé CM 79 6 (8) 2019-2022
60%
352 Tiemoué Bakayoko DM 34 3 (3) 2017-2018
60%
317 Tony Adams CB 44 1 (2) 2000-2002
60%
354 Wesley Fofana CB 34 2 (0) 2022-2023, 2024-2025
60%
9 William Gallas CB 397 27 (7) 2001-2013
60%
456 Willy Caballero GK 15 0 (0) 2017-2021
60%
184 Yves Bissouma DM 92 2 (0) 2022-2025
60%
16 Aaron Lennon RW 321 27 (63) 2005-2015
53%
187 Ben Chilwell LB 91 9 (11) 2020-2024
53%
256 Brad Friedel GK 62 0 (0) 2011-2014
53%
246 Dani Ceballos CM 67 1 (6) 2019-2021
53%
299 Deco AM 51 5 (5) 2008-2010
53%
44 Eidur Gudjohnsen ST 229 62 (36) 2000-2006, 2009-2010
53%
286 Emerson LB 53 1 (4) 2017-2022
53%
164 Emile Smith Rowe AM 102 15 (13) 2018-2024
53%
420 Filipe Luís LB 20 0 (1) 2014-2015
53%
274 Gervinho LW 57 11 (12) 2011-2013
53%
248 Hernán Crespo ST 64 24 (3) 2003-2004, 2005-2006
53%
468 Juan Cuadrado RM 14 0 (0) 2014-2016
53%
438 Mathys Tel ST 18 2 (2) 2024-2025
53%
489 Nathaniel Chalobah DM 10 0 (1) 2016-2017
53%
85 Paulo Ferreira RB 176 0 (5) 2004-2013
53%
381 Paulo Gazzaniga GK 27 0 (0) 2017-2020
53%
362 Radu Drăgușin CB 32 0 (0) 2023-2025
53%
449 Richard Wright GK 16 0 (0) 2001-2002
53%
129 Rob Holding CB 127 4 (0) 2016-2023
53%
446 Roméo Lavia DM 17 0 (1) 2023-2025
53%
201 Trevoh Chalobah CB 85 5 (2) 2021-2025
53%
103 Abou Diaby CM 150 18 (11) 2005-2014
47%
146 Aleksandr Hleb AM 114 9 (17) 2005-2008
47%
151 Alex CB 110 9 (3) 2007-2012
47%
339 Archie Gray DM 39 0 (0) 2024-2025
47%
402 Asmir Begovic GK 24 0 (0) 2015-2017
47%
315 Benoît Badiashile CB 45 1 (1) 2022-2025
47%
147 Bosingwa RB 114 3 (7) 2008-2012
47%
436 Carlos Vinícius ST 18 7 (3) 2020-2021
47%
288 Cédric Soares RB 52 2 (3) 2019-2024
47%
568 Chu-young Park ST 3 0 (0) 2011-2012
47%
325 Davide Zappacosta RM 41 2 (3) 2017-2019
47%
407 Djordje Petrovic GK 23 0 (0) 2023-2024
47%
326 Dominic Solanke ST 41 14 (7) 2014-2015, 2024-2025
47%
191 Emerson Royal RB 90 4 (2) 2021-2024
47%
264 Emmanuel Petit DM 60 2 (6) 2001-2004
47%
350 Ethan Nwaneri RW 35 6 (2) 2022-2025
47%
416 Fikayo Tomori CB 21 1 (1) 2015-2016, 2019-2021
47%
487 Franco Di Santo ST 11 0 (1) 2008-2009
47%
257 Gary Doherty CB 62 4 (1) 2000-2005
47%
397 Giovani dos Santos CF 25 2 (2) 2008-2012
47%
188 Giovani Lo Celso AM 91 7 (6) 2019-2022, 2023-2024
47%
335 Jadon Sancho LW 39 5 (10) 2024-2025
47%
473 Kevin Danso CB 13 0 (0) 2024-2025
47%
377 Lassana Diarra DM 29 0 (1) 2005-2008
47%
249 Les Ferdinand ST 64 21 (2) 2000-2003
47%
263 Levi Colwill CB 61 3 (2) 2023-2025
47%
337 Loïc Rémy ST 39 9 (1) 2014-2016
47%
338 Lucas Bergvall CM 39 0 (4) 2024-2025
47%
111 Manuel Almunia GK 141 0 (1) 2004-2011
47%
145 Marcel Desailly CB 114 5 (3) 2000-2004
47%
276 Matt Doherty RB 56 3 (8) 2020-2023
47%
427 Michel Vorm GK 19 0 (0) 2014-2019
47%
358 Myles Lewis-Skelly LB 33 1 (2) 2024-2025
47%
491 Nathan Aké CB 10 0 (2) 2012-2015, 2016-2017
47%
198 Oliver Skipp DM 87 1 (0) 2018-2020, 2021-2024
47%
497 Radamel Falcao ST 10 1 (0) 2015-2016
47%
291 Robert Huth CB 52 0 (2) 2001-2006
47%
222 Ross Barkley CM 76 7 (10) 2017-2022
47%
124 Ruben Loftus-Cheek CM 131 11 (13) 2014-2017, 2018-2023
47%
174 Sandro CM 98 3 (2) 2010-2014
47%
213 Scott Parker CM 80 1 (4) 2003-2005, 2011-2013
47%
450 Sean Davis DM 16 0 (3) 2004-2005
47%
471 Serge Gnabry LW 13 1 (0) 2012-2014
47%
421 Stephan Lichtsteiner RB 20 0 (1) 2018-2019
47%
240 Teddy Sheringham ST 70 22 (7) 2001-2003
47%
426 Abdul Rahman Baba LB 19 0 (2) 2015-2016
40%
368 André Santos LB 31 3 (0) 2011-2013
40%
369 Armando Broja ST 31 2 (2) 2019-2020, 2022-2024
40%
320 Axel Disasi CB 43 4 (2) 2023-2025
40%
361 Bryan Gil LW 32 0 (1) 2021-2024
40%
70 Carlo Cudicini GK 188 0 (0) 2000-2012
40%
311 Carlos Vela RW 46 5 (1) 2008-2011
40%
308 Christopher Nkunku ST 47 11 (5) 2023-2025
40%
334 Clint Dempsey CF 39 9 (6) 2012-2013
40%
156 Damien Duff RM 107 17 (25) 2003-2006
40%
301 David Bentley RM 49 3 (5) 2003-2004, 2008-2011
40%
136 Denílson DM 120 7 (10) 2006-2011
40%
357 Djed Spence LB 33 1 (2) 2022-2023, 2024-2025
40%
79 Emmanuel Eboué RB 180 7 (19) 2004-2011
40%
483 Ian Maatsen LB 12 0 (0) 2023-2024
40%
344 João Félix CF 37 9 (1) 2022-2023, 2024-2025
40%
479 Juan Sebastián Verón CM 12 1 (1) 2003-2004
40%
375 Kalidou Koulibaly CB 30 2 (1) 2022-2023
40%
27 Ledley King CB 277 10 (8) 2000-2012
40%
310 Lukasz Fabianski GK 46 0 (1) 2007-2014
40%
296 Marouane Chamakh ST 51 11 (5) 2010-2013
40%
228 Mattéo Guendouzi CM 74 1 (2) 2018-2020
40%
29 Michael Dawson CB 271 9 (5) 2004-2014
40%
273 Nabil Bentaleb DM 57 0 (4) 2013-2016
40%
608 Neto GK 1 0 (0) 2024-2025
40%
425 Pablo Marí CB 19 1 (0) 2019-2022
40%
281 Paulinho CM 55 6 (4) 2013-2015
40%
327 Pedro Neto RW 41 5 (9) 2024-2025
40%
225 Reiss Nelson RW 75 5 (6) 2017-2018, 2019-2025
40%
247 Roberto Soldado ST 65 11 (7) 2013-2015
40%
313 Ryan Sessegnon LB 45 3 (3) 2019-2020, 2021-2023
40%
323 Yossi Benayoun RW 42 6 (2) 2010-2013
40%
355 Adrian Mutu LW 34 7 (9) 2003-2005
33%
160 Ainsley Maitland-Niles RB 103 2 (7) 2014-2015, 2016-2022
33%
474 Billy Gilmour DM 13 0 (0) 2019-2021
33%
167 Calum Chambers CB 99 3 (5) 2014-2018, 2019-2022
33%
588 Charlie Gilmour DM 2 0 (0) 2018-2019
33%
408 Claudio Pizarro ST 23 2 (1) 2007-2008
33%
356 Clément Lenglet CB 33 1 (2) 2022-2023
33%
214 Conor Gallagher CM 80 8 (8) 2022-2024
33%
463 Danny Drinkwater CM 15 1 (0) 2017-2018
33%
290 Eduardo ST 52 9 (14) 2007-2010
33%
437 Filip Jørgensen GK 18 0 (0) 2024-2025
33%
126 Francis Coquelin DM 130 0 (1) 2011-2013, 2014-2018
33%
385 Fraser Forster GK 27 0 (0) 2022-2023, 2024-2025
33%
348 Japhet Tanganga CB 35 0 (0) 2019-2023
33%
428 Joe Rodon CB 19 0 (0) 2020-2022
33%
181 José Antonio Reyes RW 93 18 (25) 2003-2006
33%
477 Josh Acheampong RB 12 0 (0) 2023-2025
33%
432 Kenedy LW 18 1 (1) 2015-2017, 2021-2022
33%
460 Kyle Walker-Peters RB 15 0 (5) 2017-2020
33%
54 Laurén RB 212 8 (7) 2000-2006
33%
280 Lee Dixon RB 55 2 (3) 2000-2002
33%
467 Lucas Pérez ST 14 4 (2) 2016-2017
33%
561 Marco van Ginkel CM 3 0 (0) 2013-2014
33%
157 Martin Keown CB 105 2 (2) 2000-2004
33%
353 Mateja Kežman ST 34 4 (2) 2004-2005
33%
415 Mathieu Debuchy RB 21 2 (0) 2014-2018
33%
250 Michael Carrick DM 64 2 (8) 2004-2006
33%
439 Mikey Moore LW 17 1 (2) 2023-2025
33%
162 Nacer Chadli LW 103 19 (11) 2013-2016
33%
144 Nwankwo Kanu ST 114 15 (15) 2000-2004
33%
376 Pedro Mendes CM 30 1 (1) 2004-2006
33%
322 Raúl Meireles CM 42 4 (4) 2011-2013
33%
343 Ryan Bertrand LB 37 0 (1) 2010-2014
33%
169 Shaun Wright-Phillips RW 99 5 (12) 2005-2009
33%
262 Sokratis Papastathopoulos CB 61 5 (2) 2018-2020
33%
190 Stephen Carr RB 90 4 (3) 2000-2001, 2002-2004
33%
316 Tiago Mendes CM 45 4 (3) 2004-2005
33%
359 Tosin Adarabioyo CB 32 2 (1) 2024-2025
33%
189 Vedran Corluka CB 90 1 (6) 2008-2012
33%
423 Wilson Odobert RW 20 3 (0) 2024-2025
33%
365 Albert Sambi Lokonga CM 31 0 (0) 2021-2023
27%
526 Antonín Kinský GK 6 0 (0) 2024-2025
27%
80 Benoît Assou-Ekotto LB 180 4 (8) 2006-2013
27%
307 Boudewijn Zenden LW 47 4 (9) 2001-2003
27%
387 Carney Chukwuemeka CM 27 1 (1) 2022-2025
27%
223 Celestine Babayaro LB 76 2 (8) 2000-2005
27%
230 Dean Richards CB 73 4 (2) 2001-2004
27%
521 Denis Suárez AM 6 0 (0) 2018-2019
27%
505 Denis Zakaria DM 9 1 (0) 2022-2023
27%
342 Dennis Wise DM 37 3 (5) 2000-2001
27%
143 Didier Zokora DM 114 0 (2) 2006-2009
27%
395 Ed de Goey GK 25 0 (0) 2000-2003
27%
165 Edú Gaspar CM 100 10 (5) 2000-2005
27%
519 Folarin Balogun ST 7 2 (1) 2020-2022
27%
150 Gustavo Poyet AM 111 29 (13) 2000-2004
27%
602 Harvey Vale AM 2 0 (0) 2024-2025
27%
617 Jérémie Boga LW 1 0 (0) 2017-2018
27%
81 Jermaine Jenas CM 180 22 (18) 2005-2011, 2012-2013
27%
261 Joe Willock CM 61 7 (4) 2017-2021
27%
158 Johan Djourou CB 105 1 (4) 2005-2012
27%
512 Konstantinos Mavropanos CB 8 0 (0) 2017-2020
27%
508 Lewis Hall LB 9 0 (0) 2022-2023
27%
404 Luke Young RB 23 0 (0) 2000-2001
27%
538 Manor Solomon LW 5 0 (2) 2023-2024
27%
501 Marc Guiu ST 10 6 (0) 2024-2025
27%
507 Marko Marin AM 9 1 (1) 2012-2013
27%
56 Mathieu Flamini DM 210 10 (10) 2004-2008, 2013-2016
27%
540 Matt Turner GK 5 0 (0) 2022-2023
27%
283 Niko Kranjcar AM 54 9 (6) 2009-2012
27%
195 Njitap Geremi RM 88 4 (5) 2003-2007
27%
413 Nuno Tavares LB 22 1 (1) 2021-2022
27%
393 Oriol Romeu DM 26 0 (0) 2011-2013
27%
210 Philippe Senderos CB 82 4 (0) 2004-2008
27%
127 Ray Parlour CM 129 6 (2) 2000-2004
27%
476 Renato Veiga CB 13 2 (1) 2024-2025
27%
194 Roman Pavlyuchenko ST 88 26 (8) 2008-2012
27%
448 Tore André Flo ST 16 3 (3) 2000-2001
27%
424 Tyrique George LW 20 2 (3) 2024-2025
27%
149 Wayne Bridge LB 113 3 (10) 2003-2005, 2006-2009
27%
494 Winston Bogarde CB 10 0 (0) 2000-2001
27%
218 Young-pyo Lee LB 79 0 (0) 2005-2008
27%
331 Yuriy Zhirkov LM 40 1 (6) 2009-2011
27%
275 Alan Hutton RB 57 2 (2) 2007-2011
20%
595 Alexandre Pato ST 2 1 (0) 2015-2016
20%
379 Asier del Horno LB 29 1 (4) 2005-2006
20%
570 Ben Sahar ST 3 0 (0) 2006-2007
20%
452 Cesare Casadei CM 16 0 (0) 2023-2025
20%
564 Charly Musonda Jr. LW 3 0 (1) 2017-2018
20%
453 Dane Scarlett ST 16 1 (3) 2020-2022, 2023-2025
20%
328 Edgar Davids CM 41 1 (2) 2005-2007
20%
550 Ethan Ampadu CB 4 0 (0) 2017-2019
20%
370 Étienne Capoue DM 31 1 (2) 2013-2015
20%
378 Francis Jeffers ST 29 4 (2) 2001-2003
20%
265 Frédéric Kanouté ST 60 14 (8) 2003-2006
20%
292 Giovanni van Bronckhorst LB 52 2 (6) 2001-2003
20%
394 Hilário GK 25 0 (0) 2006-2010, 2011-2012
20%
388 Hossam Ghaly CM 27 2 (3) 2006-2007
20%
621 Izzy Brown LW 1 0 (0) 2014-2015
20%
371 Jérémie Aliadière ST 30 1 (0) 2001-2005, 2006-2007
20%
171 Jesper Grønkjær LW 98 8 (13) 2000-2004
20%
523 Joe Hart GK 6 0 (0) 2020-2021
20%
267 Jonathan Woodgate CB 59 2 (0) 2007-2011
20%
380 Júlio Baptista AM 28 4 (2) 2006-2007
20%
549 Kerrea Gilbert RB 4 0 (0) 2005-2006, 2009-2010
20%
435 Khalid Boulahrouz CB 18 0 (0) 2006-2007
20%
664 Kiano Dyer CM 1 0 (0) 2024-2025
20%
392 Kiernan Dewsbury-Hall CM 26 4 (4) 2024-2025
20%
484 Lesley Ugochukwu DM 12 0 (0) 2023-2024
20%
121 Mario Melchiot RB 133 4 (7) 2000-2004
20%
516 Mark Bosnich GK 7 0 (0) 2001-2002
20%
517 Mark Schwarzer GK 7 0 (0) 2013-2014
20%
558 Mathew Ryan GK 3 0 (0) 2020-2021
20%
300 Michael Brown CM 50 2 (4) 2003-2006
20%
295 Mido ST 52 14 (3) 2004-2007
20%
429 Nelson Vivas RB 19 0 (1) 2000-2001
20%
374 Noureddine Naybet CB 30 1 (0) 2004-2006
20%
243 Oleg Luzhnyi RB 69 0 (3) 2000-2003
20%
205 Pascal Cygan CB 83 3 (0) 2002-2006
20%
524 Patrick van Aanholt LB 6 0 (0) 2009-2011
20%
102 Paul Robinson GK 153 1 (2) 2004-2008
20%
553 Ricardo Quaresma RW 4 0 (0) 2008-2009
20%
502 Roberto Di Matteo CM 9 0 (1) 2000-2001
20%
251 Ryan Mason CM 64 3 (4) 2008-2009, 2012-2013, 2014-2016
20%
455 Saúl Ñíguez CM 15 0 (0) 2021-2022
20%
535 Scott Sinclair LW 5 0 (0) 2006-2009
20%
548 Sebastian Larsson CM 4 0 (0) 2005-2006
20%
284 Sébastien Bassong CB 54 2 (0) 2009-2012
20%
219 Steed Malbranque CM 78 9 (9) 2006-2008
20%
107 Sylvain Wiltord CF 145 34 (25) 2000-2004
20%
364 Sylvinho LB 31 4 (3) 2000-2001
20%
457 Tal Ben Haim CB 15 0 (0) 2007-2008
20%
87 Tom Huddlestone DM 174 11 (26) 2005-2013
20%
599 Troy Parrott ST 2 0 (0) 2019-2020
20%
341 Vincent Janssen ST 37 2 (2) 2016-2019
20%
527 Will Lankshear ST 6 1 (0) 2024-2025
20%
464 Yaya Sanogo ST 14 1 (1) 2013-2015
20%
134 Younès Kaboul CB 123 8 (3) 2007-2008, 2009-2015
20%
417 Albert Ferrer RB 21 0 (0) 2000-2003
13%
418 Aleksey Smertin DM 21 1 (2) 2004-2005
13%
475 Alexander Manninger GK 13 0 (0) 2000-2001
13%
488 Alfie Gilchrist RB 11 1 (0) 2023-2024
13%
626 Alfie Whiteman GK 1 0 (0) 2020-2021
13%
235 Andros Townsend RW 72 5 (8) 2011-2016
13%
496 Arnaut Danjuma LW 10 1 (0) 2022-2023
13%
431 Benjamin Stambouli DM 18 1 (0) 2014-2015
13%
572 Brandon Austin GK 3 0 (0) 2024-2025
13%
282 Carl Jenkinson RB 54 1 (4) 2011-2014, 2016-2017, 2018-2019
13%
504 Chris Armstrong ST 9 2 (0) 2000-2001
13%
207 Chris Perry CB 83 2 (0) 2000-2003
13%
472 Clinton N'Jie RW 13 0 (1) 2015-2016
13%
396 Danny Murphy CM 25 1 (1) 2005-2007
13%
172 Darren Anderton RM 98 7 (14) 2000-2004
13%
542 Fabio Borini LW 5 0 (0) 2009-2010
13%
289 Gabriel Paulista CB 52 1 (1) 2014-2017
13%
485 Gaël Kakuta AM 12 0 (1) 2009-2011
13%
644 Gavin Hoyte RB 1 0 (0) 2008-2009
13%
442 Georges-Kevin N'Koudou LW 17 1 (1) 2016-2020
13%
492 Gilberto LB 10 1 (0) 2007-2009
13%
232 Gilles Grimandi DM 72 1 (3) 2000-2002
13%
212 Graeme Le Saux LB 80 3 (16) 2000-2003
13%
525 Ignasi Miquel CB 6 0 (0) 2011-2013
13%
411 Igors Stepanovs CB 22 0 (0) 2000-2003
13%
303 Jamie Redknapp CM 48 4 (2) 2002-2005
13%
458 Jermaine Pennant RW 15 3 (1) 2001-2003, 2004-2005
13%
466 Jiri Jarosik CB 14 0 (0) 2004-2005
13%
278 Jody Morris CM 56 0 (1) 2000-2003
13%
605 José Dominguez LW 2 0 (0) 2000-2001
13%
229 Juliano Belletti RB 74 5 (5) 2007-2010
13%
594 Junichi Inamoto DM 2 0 (0) 2001-2002
13%
329 Justin Hoyte RB 41 1 (0) 2002-2005, 2006-2008
13%
202 Kasey Keller GK 85 0 (1) 2001-2004
13%
441 Kevin-Prince Boateng AM 17 0 (0) 2007-2009
13%
409 Kevin Wimmer CB 22 0 (0) 2015-2017
13%
569 Kim Källström CM 3 0 (0) 2013-2014
13%
260 Kyle Naughton RB 62 0 (2) 2009-2010, 2012-2015
13%
345 Lewis Holtby CM 37 2 (4) 2012-2015
13%
499 Louis Saha ST 10 3 (1) 2011-2012
13%
613 Lucas Piazón AM 1 0 (1) 2012-2013
13%
515 Maniche CM 8 0 (0) 2005-2006
13%
253 Mario Stanic RW 63 7 (4) 2000-2004
13%
556 Marquinhos RW 4 1 (1) 2022-2023
13%
640 Mart Poom GK 1 0 (0) 2006-2007
13%
405 Matthew Upson CB 23 0 (0) 2000-2002
13%
586 Matt Miazga CB 2 0 (0) 2015-2016
13%
537 Michael Mancienne CB 5 0 (0) 2008-2009
13%
382 Mikael Forssell ST 27 4 (1) 2001-2002, 2004-2005
13%
610 Nico Yennaris DM 1 0 (0) 2011-2012
13%
565 Ola Aina RB 3 0 (0) 2016-2017
13%
660 Omari Hutchinson AM 1 0 (0) 2022-2023
13%
304 Paul Stalteri RB 48 2 (0) 2005-2008
13%
490 Quincy Owusu-Abeyie LW 10 0 (0) 2004-2006
13%
493 Ross Turnbull GK 10 0 (0) 2009-2013
13%
533 Rúnar Alex Rúnarsson GK 5 0 (0) 2020-2021
13%
534 Ryan Nelsen CB 5 0 (0) 2011-2012
13%
582 Ryo Miyaichi RW 2 0 (0) 2013-2014
13%
539 Sam Hutchinson DM 5 0 (1) 2006-2007, 2009-2010, 2011-2012
13%
266 Sergiy Rebrov CF 59 10 (7) 2000-2002
13%
330 Slavisa Jokanovic DM 41 0 (1) 2000-2002
13%
270 Steffen Freund DM 58 0 (0) 2000-2003
13%
297 Steffen Iversen CF 51 7 (6) 2000-2003
13%
340 Stephen Kelly RB 38 2 (0) 2003-2006
13%
401 Steven Caulker CB 24 2 (1) 2012-2013
13%
462 Steven Pienaar LM 15 1 (1) 2010-2012
13%
632 Steven Watt CB 1 0 (0) 2004-2005
13%
447 Steve Sidwell CM 16 0 (1) 2007-2008
13%
403 Stuart Taylor GK 23 0 (0) 2000-2003
13%
242 Teemu Tainio DM 70 3 (3) 2005-2008
13%
294 Tim Sherwood CM 52 2 (0) 2000-2002
13%
562 Tomas Kalas CB 3 0 (0) 2013-2014
13%
321 Tom Carroll CM 42 2 (2) 2011-2013, 2015-2017
13%
406 Vito Mannone GK 23 0 (0) 2008-2010, 2011-2013
13%
351 Vlad Chiricheș DM 34 1 (0) 2013-2015
13%
530 Wayne Routledge LW 5 0 (0) 2005-2006, 2007-2008
13%
234 Wilson Palacios DM 72 1 (2) 2008-2011
13%
482 Adel Taarabt CM 12 0 (0) 2006-2009
7%
514 Alejo Veliz ST 8 1 (0) 2023-2024
7%
661 Alfie Dorrington CB 1 0 (0) 2024-2025
7%
389 Andy Reid LM 26 1 (2) 2004-2006
7%
138 Anthony Gardner CB 117 2 (0) 2000-2008
7%
619 Arturo Lupoli ST 1 0 (0) 2005-2006
7%
625 Ben Alnwick GK 1 0 (0) 2009-2010
7%
451 Bobby Zamora ST 16 0 (2) 2003-2004
7%
444 Calum Davenport CB 17 1 (0) 2004-2007
7%
481 Chris Gunter RB 12 0 (0) 2007-2009
7%
500 Christian Panucci RB 10 1 (0) 2000-2001
7%
309 Christian Ziege LM 47 7 (13) 2001-2004
7%
623 DeAndre Yedlin RB 1 0 (0) 2014-2015
7%
580 Deivid Washington ST 2 0 (0) 2023-2024
7%
639 Émerson Thome CB 1 0 (0) 2000-2001
7%
509 Emmanuel Frimpong DM 9 0 (0) 2011-2012
7%
366 Erik Edman LB 31 1 (1) 2004-2006
7%
391 Federico Fazio CB 26 0 (1) 2014-2015
7%
522 Filipe Oliveira RW 6 0 (0) 2002-2005
7%
386 Frank Leboeuf CB 27 0 (0) 2000-2001
7%
518 Fran Mérida CM 7 1 (0) 2008-2010
7%
620 Gedion Zelalem DM 1 0 (0) 2014-2015
7%
650 Gilles Sunu RW 1 0 (0) 2009-2010
7%
510 Grzegorz Rasiak ST 8 0 (0) 2005-2006
7%
430 Hélder Postiga ST 19 1 (0) 2003-2004
7%
573 Henri Lansbury CM 3 0 (0) 2009-2010, 2011-2012
7%
513 Iago Falque RW 8 0 (0) 2011-2013
7%
600 Jack Clarke LW 2 0 (0) 2020-2021
7%
306 Jake Livermore DM 48 0 (1) 2009-2010, 2011-2013
7%
577 Jamie Donley CF 3 0 (0) 2023-2024
7%
318 Jamie O'Hara CM 44 4 (0) 2007-2010
7%
587 Jay Emmanuel-Thomas AM 2 0 (0) 2010-2011
7%
528 Jeffrey Bruma CB 6 0 (0) 2009-2011
7%
589 Joe Keenan LB 2 0 (0) 2001-2003
7%
547 John Lukic GK 4 0 (0) 2000-2001
7%
616 John Swift AM 1 0 (0) 2013-2014
7%
440 Josh McEachran CM 17 0 (0) 2010-2012
7%
412 Juan Foyth RB 22 1 (0) 2017-2020
7%
657 Kyle Bartley CB 1 0 (0) 2009-2010
7%
574 Mark Randall CM 3 0 (0) 2007-2009
7%
606 Mason Burstow ST 2 0 (0) 2023-2024
7%
333 Matthew Etherington LM 40 1 (3) 2000-2003
7%
347 Mikaël Silvestre LB 35 3 (2) 2008-2010
7%
637 Mineiro DM 1 0 (0) 2008-2009
7%
244 Neil Sullivan GK 68 0 (0) 2000-2002, 2003-2004
7%
560 Paolo Vernazza CM 3 1 (0) 2000-2001
7%
192 Pascal Chimbonda RB 89 3 (10) 2006-2009
7%
480 Paul Konchesky LB 12 0 (1) 2003-2004
7%
390 Quique de Lucas AM 26 1 (0) 2002-2003
7%
419 Radek Cerny GK 20 0 (1) 2004-2005, 2006-2008
7%
536 Rami Shaaban GK 5 0 (0) 2002-2003
7%
503 Ramon Vega CB 9 0 (0) 2000-2001
7%
465 Ricardo Rocha CB 14 0 (0) 2006-2008
7%
372 Rohan Ricketts AM 30 1 (1) 2003-2005
7%
557 Sam Rak-Sakyi DM 4 0 (0) 2024-2025
7%
271 Samuele Dalla Bona CM 58 6 (3) 2000-2002
7%
367 Sébastien Squillaci CB 31 2 (0) 2010-2013
7%
633 Stathis Tavlaridis CB 1 0 (0) 2002-2003
7%
349 Stephen Clemence CM 35 1 (5) 2000-2002
7%
647 Tariq Lamptey RB 1 0 (0) 2019-2020
7%
597 Tomas Danilevičius ST 2 0 (0) 2000-2001
7%
591 Alexis Nicolas DM 2 0 (0) 2003-2004
0%
656 Alex Matos CM 1 0 (0) 2023-2024
0%
583 Alex Pritchard AM 2 0 (0) 2013-2014, 2015-2016
0%
434 Alton Thelwell CB 18 0 (0) 2000-2002
0%
636 Amaury Bischoff CM 1 0 (0) 2008-2009
0%
555 Andy Booth ST 4 0 (0) 2000-2001
0%
635 Anthony Georgiou LM 1 0 (0) 2017-2018
0%
631 Anthony Grant CM 1 0 (0) 2004-2005
0%
607 Ato Ampah RW 1 0 (0) 2024-2025
0%
645 Ben Cottrell CM 1 0 (0) 2020-2021
0%
628 Ben Sheaf DM 1 0 (0) 2017-2018
0%
346 Ben Thatcher LB 36 0 (2) 2000-2003
0%
652 Bernard Lambourde CB 1 0 (0) 2000-2001
0%
665 Callum Olusesi CM 1 0 (0) 2024-2025
0%
614 Cameron Lancaster ST 1 0 (0) 2011-2012
0%
545 Chuba Akpom ST 4 0 (0) 2013-2015
0%
541 Craig Eastmond CM 5 0 (0) 2009-2011
0%
667 Damola Ajayi RW 1 1 (0) 2024-2025
0%
585 Dave McEwen FW 2 0 (0) 2000-2001
0%
511 Dean Marney CM 8 2 (1) 2003-2005
0%
544 Dean Parrett CM 4 0 (0) 2008-2009, 2011-2012
0%
648 Dilan Markanday RW 1 0 (0) 2021-2022
0%
615 Filip Lesniak DM 1 0 (1) 2016-2017
0%
579 Genesis Antwi RB 2 0 (0) 2024-2025
0%
662 George Abbott DM 1 0 (0) 2022-2023
0%
298 Goran Bunjevcevic CB 51 0 (3) 2001-2005
0%
666 Harrison Murray-Campbell CB 1 0 (0) 2024-2025
0%
646 Jacob Mellis CM 1 0 (0) 2010-2011
0%
630 Jake Clarke-Salter CB 1 0 (0) 2015-2016
0%
612 Jamie Slabber ST 1 0 (1) 2002-2003
0%
611 Jernade Meade LB 1 0 (0) 2012-2013
0%
659 Jimi Tauriainen CM 1 0 (0) 2023-2024
0%
629 Joel Kitamirike CB 1 0 (0) 2001-2002
0%
575 John Bostock CM 3 0 (0) 2008-2009
0%
532 John Piercy MF 5 0 (0) 2000-2001
0%
592 Jonathan Blondel DM 2 0 (0) 2002-2004
0%
603 Jonathan Obika ST 2 0 (1) 2008-2009
0%
498 Jon Harley LB 10 0 (0) 2000-2001
0%
410 Josh Onomah CM 22 0 (0) 2015-2017
0%
551 Kazuyuki Toda DM 4 0 (0) 2002-2003
0%
571 Lee Barnard ST 3 0 (0) 2005-2006
0%
590 Lenny Pidgeley GK 2 0 (0) 2004-2006
0%
643 Leon Knight ST 1 0 (0) 2001-2002
0%
624 Luke Amos CM 1 0 (0) 2018-2019
0%
651 Malachi Fagan-Walcott CB 1 0 (0) 2019-2020
0%
641 Marcel Lavinier RB 1 0 (0) 2020-2021
0%
486 Marco Ambrosio GK 11 0 (0) 2003-2004
0%
593 Marcus McGuane DM 2 0 (0) 2017-2018
0%
563 Mark Yeates LW 3 0 (0) 2003-2005
0%
609 Martin Angha CB 1 0 (0) 2012-2013
0%
578 Mathis Amougou CM 2 0 (0) 2024-2025
0%
655 Matthew Craig DM 1 0 (0) 2022-2023
0%
618 Matt Macey GK 1 0 (0) 2017-2018
0%
196 Mauricio Taricco LB 88 2 (3) 2000-2004
0%
520 Mbulelo Mabizela CB 7 1 (0) 2003-2005
0%
649 Miguel Azeez CM 1 0 (0) 2020-2021
0%
443 Milenko Acimovic LM 17 0 (1) 2002-2003
0%
584 Milos Veljkovic CB 2 0 (0) 2013-2014
0%
554 Miroslav Stoch LW 4 0 (0) 2008-2009
0%
604 Nathan Butler-Oyedeji ST 2 0 (0) 2024-2025
0%
398 Noé Pamarot CB 25 1 (0) 2004-2006
0%
531 Nuno Morais DM 5 0 (0) 2004-2005, 2006-2007
0%
360 Øyvind Leonhardsen CM 32 3 (1) 2000-2002
0%
567 Philip Ifil RB 3 0 (0) 2004-2005, 2006-2007
0%
546 Pierluigi Gollini GK 4 0 (0) 2021-2022
0%
566 Rati Aleksidze ST 3 0 (0) 2000-2001
0%
581 Reggie Walsh CM 2 0 (0) 2024-2025
0%
399 Reto Ziegler CB 25 1 (2) 2004-2005, 2006-2007
0%
559 Ryan Fredericks RB 3 0 (1) 2011-2012, 2013-2014
0%
634 Ryan Garry CB 1 0 (0) 2002-2003
0%
622 Shaq Coulthirst ST 1 0 (0) 2013-2014
0%
543 Shumaira Mheuka ST 5 0 (0) 2024-2025
0%
663 Stefan Malz LB 1 0 (0) 2000-2001
0%
627 Stefan O'Connor CB 1 0 (0) 2014-2015
0%
414 Stéphane Dalmat CM 22 3 (1) 2003-2004
0%
433 Thimothée Atouba LB 18 1 (0) 2004-2005
0%
658 Thomas Cruise LB 1 0 (0) 2009-2010
0%
598 Tino Anjorin AM 2 0 (0) 2019-2021
0%
469 Willem Korsten LW 13 3 (0) 2000-2001
0%
596 Zech Medley CB 2 0 (0) 2018-2019
0%
470 Zeki Fryers LB 13 0 (1) 2013-2014
0%
No matching quizzes found
Score Distribution
Percent of People with Each Score
Percentile by Number Answered
Your Score History
You have not taken this quiz since the last reset